Statistiken für Alle Pokémon - Alola Formen

Klicken Sie hier um das Quiz zu spielen!

Allgemein

  • Dieses Quiz wurde 20 mal gespielt
  • Das Durchschnittsergebnis liegt bei 15 aus 18

Antwortstatistiken

TypPokémon% Korrekt
Gestein / ElektroKleinstein
100%
Gestein / ElektroGeorok
93%
Gestein / ElektroGeowaz
93%
Eis ❄Vulpix
93%
Boden / StahlDigda
86%
Pflanze / DracheKokowei
86%
Unlicht /NormalRattfratz
86%
Unlicht / NormalRattikarl
86%
Eis / FeeVulnona
86%
Boden / StahlDigdri
79%
Feuer / GeistKnogga
79%
Unlicht 🌜Mauzi
79%
Elektro / PsychoRaichu
79%
Eis / StahlSandamer
79%
Gift / UnlichtSleima
79%
Unlicht 🌜Snobilikat
79%
Eis / StahlSandan
71%
Gift / UnlichtSleimok
71%

Verteilung der Resultate

Perzentil nach korrekt beantworteten Fragen

Anzahl Personen mit jedem Resultat

Ihre Resultats-Entwicklung

Sie haben dieses Quiz noch nicht gespielt